书目信息 |
| 题名: |
数字信号处理
|
|
| 作者: | 莱昂斯 著 | |
| 分册: | ||
| 出版信息: | 北京 机械工业出版社 2005.01 |
|
| 页数: | 665页 | |
| 开本: | 20cm | |
| 丛书名: | ||
| 单 册: | ||
| 中图分类: | TN911.72 | |
| 科图分类: | ||
| 主题词: | 通信理论 | |
| 电子资源: | ||
| ISBN: | 7-111-15833-4 | |
| 000 | 00545nam0 2200193 450 | |
| 001 | 0554798171 | |
| 005 | 20050620093611.53 | |
| 010 | @a7-111-15833-4@dCNY 59.00 | |
| 100 | @a20050603d2005 km y0chiy0120 ea | |
| 101 | 0 | @achi |
| 102 | @aCN@b110000 | |
| 200 | 1 | @a数字信号处理@Ashu zi xin hao chu li@f(美)莱昂斯著@F(mei)lai ang si zhu |
| 210 | @a北京@c机械工业出版社@d2005.01 | |
| 215 | @a665页@d20cm | |
| 606 | 0 | @a通信理论 |
| 690 | @aTN911.72@v4 | |
| 701 | 0 | @a莱昂斯@Alai ang si@4著 |
| 801 | 0 | @aCN@bPFT@c20050620 |
| 905 | @a10447@dTN911.72@eL026 | |
| 数字信号处理/(美)莱昂斯著.-北京:机械工业出版社,2005.01 |
| 665页;20cm |
| ISBN 7-111-15833-4:CNY 59.00 |
| ● |
| 相关链接 |
|
|
|
正题名:数字信号处理
索取号:TN911.72/L026
 
预约/预借
| 序号 | 登录号 | 条形码 | 馆藏地/架位号 | 状态 | 备注 |
| 1 | 535105 | 205351055 | 自科库301/301自科库 35排3列4层/ [索取号:TN911.72/L026] | 在馆 | |
| 2 | 535106 | 205351064 | 自科二线404/404自科库 15排6列1层/ [索取号:TN911.72/L026] | 在馆 | |
| 3 | 535107 | 205351073 | 自科库301/301自科库 35排3列4层/ [索取号:TN911.72/L026] | 在馆 |